ბათუმის შოთა რუსთაველის სახელმწიფო უნივერსიტეტის ბიბლიოთეკა

დიდი საოჯახო სამედიცინო ენციკლოპედია. (ბიბ.ჩანაწერი № 35810)

000 -LEADER
fixed length control field 00745nam a2200229Ia 4500
001 - CONTROL NUMBER
control field 1699
003 - CONTROL NUMBER IDENTIFIER
control field GE_BSU
008 - FIXED-LENGTH DATA ELEMENTS--GENERAL INFORMATION
fixed length control field 181216s||||||||xx |||||||||||||| ||und||
020 ## - INTERNATIONAL STANDARD BOOK NUMBER
International Standard Book Number 9789941192715
040 ## - CATALOGING SOURCE
Transcribing agency GE_BSU
080 ## - UNIVERSAL DECIMAL CLASSIFICATION NUMBER
Universal Decimal Classification number 61(03)
100 ## - MAIN ENTRY--PERSONAL NAME
Personal name მუხიგული,მაია
245 ## - TITLE STATEMENT
Title დიდი საოჯახო სამედიცინო ენციკლოპედია.
245 ## - TITLE STATEMENT
Statement of responsibility, etc. რედ. მანანა თურქია
260 ## - PUBLICATION, DISTRIBUTION, ETC.
Place of publication, distribution, etc. თბილისი
260 ## - PUBLICATION, DISTRIBUTION, ETC.
Name of publisher, distributor, etc. პალიტრა
260 ## - PUBLICATION, DISTRIBUTION, ETC.
Date of publication, distribution, etc. 2011
300 ## - PHYSICAL DESCRIPTION
Extent 620 გვ. 30 სმ.
653 ## - INDEX TERM--UNCONTROLLED
Uncontrolled term საოჯახო სამედიცინო ენციკლოპედია
942 ## - ADDED ENTRY ELEMENTS (KOHA)
Koha item type წიგნი
ეგზემპლარები
Withdrawn status Lost status Damaged status Not for loan Date acquired Barcode Date last seen Price effective from Koha item type Public note
        2018-12-17 3582 2018-12-17 2018-12-17 წიგნი დარბაზი